Procurement and supply chain management. (9th ed) (Record no. 77220)
[ view plain ]
| 000 -LEADER | |
|---|---|
| fixed length control field | 01379nam a2200301 a 4500 |
| 008 - FIXED-LENGTH DATA ELEMENTS--GENERAL INFORMATION | |
| fixed length control field | 190128s2016 ||||||||||||||||| || u |
| 010 ## - LIBRARY OF CONGRESS CONTROL NUMBER | |
| LC control number | 2016000880 |
| 020 ## - INTERNATIONAL STANDARD BOOK NUMBER | |
| International Standard Book Number | 9781292086118 |
| 050 ## - LIBRARY OF CONGRESS CALL NUMBER | |
| Classification number | HF 5437 Lys |
| 100 ## - MAIN ENTRY--PERSONAL NAME | |
| Personal name | Farrington, Brian |
| 245 10 - TITLE STATEMENT | |
| Title | Procurement and supply chain management. (9th ed) |
| Statement of responsibility, etc. | by Kenneth Lysons and Brian Farrington |
| 250 ## - EDITION STATEMENT | |
| Edition statement | Ninth Edition. |
| 260 ## - PUBLICATION, DISTRIBUTION, ETC. | |
| Place of publication, distribution, etc. | Boston |
| Name of publisher, distributor, etc. | Pearson |
| Date of publication, distribution, etc. | 2016 |
| 300 ## - PHYSICAL DESCRIPTION | |
| Extent | xx, 671 pages |
| 338 ## - | |
| -- | volume |
| -- | rdacarrier |
| 350 ## - | |
| -- | 97.21 |
| 500 ## - GENERAL NOTE | |
| General note | Includes indexes. |
| 650 #0 - SUBJECT ADDED ENTRY--TOPICAL TERM | |
| Topical term or geographic name entry element | BUSINESS--LOGISTICS |
| 650 #0 - SUBJECT ADDED ENTRY--TOPICAL TERM | |
| Topical term or geographic name entry element | PURCHASING |
| 700 ## - ADDED ENTRY--PERSONAL NAME | |
| Personal name | Lysons, Kenneth |
| 995 ## - | |
| -- | MAIN LIBRARY OPEN ACCESS |
| -- | 748767 |
| -- | CBU-MAIN LIBRARY (Kitwe) |
| -- | 97.21 |
| -- | HF 5437 Lys |
| -- | 2 |
| -- | AVAILABLE |
| -- | Jan 28, 2019 |
| -- | 748767 |
| -- | Main Library Open Access Collection |
| 995 ## - | |
| -- | MAIN LIBRARY OPEN ACCESS |
| -- | 748766 |
| -- | CBU-MAIN LIBRARY (Kitwe) |
| -- | 97.21 |
| -- | HF 5437 Lys |
| -- | 1 |
| -- | AVAILABLE |
| -- | Jan 28, 2019 |
| -- | 748766 |
| -- | Main Library Open Access Collection |
| 995 ## - | |
| -- | ANNEX COLLECTION (Main Library) |
| -- | 748768 |
| -- | CBU-MAIN LIBRARY (Kitwe) |
| -- | 97.21 |
| -- | HF 5437 Lys |
| -- | 3 |
| -- | AVAILABLE |
| -- | Jan 28, 2019 |
| -- | 748768 |
| -- | Annex Low-Usage Collection |
| 995 ## - | |
| -- | ANNEX COLLECTION (Main Library) |
| -- | 748769 |
| -- | CBU-MAIN LIBRARY (Kitwe) |
| -- | 97.21 |
| -- | HF 5437 Lys |
| -- | 4 |
| -- | AVAILABLE |
| -- | Jan 28, 2019 |
| -- | 748769 |
| -- | Annex Low-Usage Collection |
| 999 ## - | |
| -- | 77220 |
| -- | 77220 |
| Withdrawn status | Lost status | Source of classification or shelving scheme | Damaged status | Not for loan | Permanent Location | Current Location | Shelving location | Date acquired | Total Checkouts | Full call number | Barcode | Date last seen | Copy number | Price effective from | Koha item type |
|---|---|---|---|---|---|---|---|---|---|---|---|---|---|---|---|
| CBU-MAIN LIBRARY, KITWE. | CBU-MAIN LIBRARY, KITWE. | 04/25/2023 | HF 5437 Lys | 748767 | 04/25/2023 | 1 | 04/25/2023 | MONOGRAPH | |||||||
| CBU-MAIN LIBRARY, KITWE. | CBU-MAIN LIBRARY, KITWE. | 04/25/2023 | HF 5437 Lys | 748766 | 04/25/2023 | 2 | 04/25/2023 | MONOGRAPH | |||||||
| Withdrawn | CBU-MAIN LIBRARY, KITWE. | CBU-MAIN LIBRARY, KITWE. | 04/25/2023 | HF 5437 Lys | 748768 | 04/25/2023 | 3 | 04/25/2023 | MONOGRAPH | ||||||
| CBU-MAIN LIBRARY, KITWE. | CBU-MAIN LIBRARY, KITWE. | 04/25/2023 | HF 5437 Lys | 748769 | 04/25/2023 | 4 | 04/25/2023 | MONOGRAPH |